[Event "Wch U12"]
[Site "Belfort"]
[Date "2005.07.26"]
[Round "9"]
[White "Guevara Perez, Jorge Alejandro"]
[Black "Lin, Zhigen Wilson"]
[Result "1-0"]
[WhiteElo "1599"]
[BlackElo "2029"]
[PlyCount "53"]
[EventDate "2005.07.19"]
[EventType "swiss"]
[EventRounds "11"]
[EventCountry "FRA"]
[SourceTitle "CBM 107 Extra"]
[Source "ChessBase"]
[SourceDate "2005.09.01"]
[SourceVersion "1"]
[SourceVersionDate "2005.09.01"]
[SourceQuality "1"]

1. e4 e5 2. Nf3 Nc6 3. Bc4 Nf6 4. d4 exd4 5. e5 d5 6. Bb5 Ne4 7. Nxd4 Bd7 8. Bxc6 bxc6 9. 0-0 Bc5 10. Be3 0-0 11. Nd2 Nxd2 12. Qxd2 Qe7 13. Rae1 Qxe5 14. Nxc6 Bxe3 15. Rxe3 Qxb2 16. Ne7+ Kh8 17. Qxd5 Be6 18. Qc6 Qxa2 19. h3 a5 20. Rd1 a4 21. Red3 h6 22. Qxc7 a3 23. Rd8 Raxd8 24. Rxd8 Qa1+ 25. Kh2 Qe5+ 26. Qxe5 Rxd8 27. Qa5 1-0

[Event "Wch U12"]
[Site "Belfort"]
[Date "2005.07.24"]
[Round "6"]
[White "Badamdorj, Ariunbuunei"]
[Black "Lin, Zhigen Wilson"]
[Result "0-1"]
[WhiteElo "1599"]
[BlackElo "2029"]
[PlyCount "137"]
[EventDate "2005.07.19"]
[EventType "swiss"]
[EventRounds "11"]
[EventCountry "FRA"]
[SourceTitle "CBM 107 Extra"]
[Source "ChessBase"]
[SourceDate "2005.09.01"]
[SourceVersion "1"]
[SourceVersionDate "2005.09.01"]
[SourceQuality "1"]

1. e4 e6 2. d4 d5 3. exd5 exd5 4. Bd3 Bd6 5. Nf3 Ne7 6. 0-0 Bg4 7. Re1 Nbc6 8. Be2 0-0 9. a3 f6 10. Nc3 a6 11. b4 Re8 12. Be3 Be6 13. Qd2 b5 14. Na2 Nc8 15. c3 Nb6 16. Nc1 Bg4 17. Nd3 Nc4 18. Qc1 Ne7 19. Nf4 c6 20. h3 Bd7 21. Bd3 Qc7 22. Nh5 Bf5 23. Qc2 Bxd3 24. Qxd3 Ng6 25. Qc2 Re7 26. Bd2 Rae8 27. a4 Nxd2 28. Qxd2 Rxe1+ 29. Nxe1 Nf8 30. Nd3 Nd7 31. Nhf4 Nb6 32. Ne2 Nxa4 33. Nb2 Nxb2 34. Qxb2 Qb7 35. Qd2 Ra8 36. Nc1 Qb6 37. Nb3 Re8 38. Qc2 Qb7 39. g3 Qc8 40. Kg2 Re7 41. Qd3 Ra7 42. Re1 Re7 43. Re3 Qe8 44. Na5 Rxe3 45. Qxe3 Qc8 46. f4 Qd7 47. f5 Bc7 48. Nb3 Bb6 49. g4 Kf8 50. Nc1 a5 51. bxa5 Bxa5 52. Nd3 Qe7 53. Qxe7+ Kxe7 54. Nb4 Kd6 55. Kf3 c5 56. Na2 cxd4 57. cxd4 b4 58. Nc1 Kc6 59. Ke3 Kb5 60. Kd3 Ka4 61. Kc2 Bb6 62. Nb3 Ka3 63. h4 Ba7 64. g5 Bb6 65. gxf6 gxf6 66. Nc5 Bxc5 67. dxc5 b3+ 68. Kb1 d4 69. c6 0-1

[Event "Box Hill CC-ch"]
[Site "Box Hill"]
[Date "2005.06.13"]
[Round "6.16"]
[White "Lycett, Garry"]
[Black "Lin, Zhigen Wilson"]
[Result "0-1"]
[WhiteElo "1663"]
[BlackElo "1853"]
[PlyCount "104"]
[EventDate "2005.06.11"]
[EventType "swiss"]
[EventRounds "7"]
[EventCountry "AUS"]
[SourceTitle "EXT 2018"]
[Source "ChessBase"]
[SourceDate "2017.10.13"]
[SourceVersion "1"]
[SourceVersionDate "2017.10.13"]
[SourceQuality "1"]

1. d4 d5 2. Nf3 Nf6 3. Bf4 c5 4. e3 Nc6 5. c3 Qb6 6. Qb3 c4 7. Qxb6 axb6 8. Be2 Bf5 9. Nbd2 h6 10. h3 e6 11. 0-0 Be7 12. a3 0-0 13. Ne5 b5 14. Rfe1 Nxe5 15. Bxe5 Nd7 16. Bh2 Nb6 17. f3 Na4 18. e4 dxe4 19. fxe4 Bg6 20. Bf3 Nxb2 21. Reb1 Rxa3 22. Rxa3 Bxa3 23. Ra1 Be7 24. Rb1 Na4 25. Rxb5 Nxc3 26. Rxb7 Bg5 27. Nxc4 Bxe4 28. Bxe4 Nxe4 29. Ne5 Be3+ 30. Kf1 Bxd4 31. Rb4 Bxe5 32. Bxe5 Nf6 33. Bxf6 gxf6 34. Rg4+ Kh7 35. Kf2 f5 36. Rg3 Ra8 37. Rb3 e5 38. Re3 f6 39. h4 f4 40. Rb3 Kg6 41. g3 fxg3+ 42. Kxg3 Ra4 43. Rf3 Rf4 44. Rxf4 exf4+ 45. Kxf4 Kh5 46. Kg3 f5 47. Kf4 Kg6 48. Kg3 Kf6 49. Kf4 Ke6 50. Kf3 Ke5 51. Ke3 f4+ 52. Kf3 h5 0-1

[Event "Box Hill CC-ch"]
[Site "Box Hill"]
[Date "2005.06.11"]
[Round "2.18"]
[White "Feng, Kingsley"]
[Black "Lin, Zhigen Wilson"]
[Result "0-1"]
[WhiteElo "1405"]
[BlackElo "1853"]
[PlyCount "80"]
[EventDate "2005.06.11"]
[EventType "swiss"]
[EventRounds "7"]
[EventCountry "AUS"]
[SourceTitle "EXT 2018"]
[Source "ChessBase"]
[SourceDate "2017.10.13"]
[SourceVersion "1"]
[SourceVersionDate "2017.10.13"]
[SourceQuality "1"]

1. c4 e5 2. Nc3 Nf6 3. g3 Bb4 4. Bg2 0-0 5. e4 Re8 6. Nge2 d6 7. d3 c6 8. 0-0 Be6 9. h3 d5 10. cxd5 cxd5 11. Bg5 d4 12. Nb5 Qa5 13. Na3 Bxa3 14. bxa3 Nfd7 15. f4 f6 16. f5 Bf7 17. Bd2 Qxa3 18. Qc1 Qxd3 19. Rf2 Nc6 20. Qd1 Nb6 21. Kh2 Nc4 22. Nc1 Qa3 23. Rf3 Qb2 24. Nb3 Nxd2 25. Nxd2 Qb6 26. Bf1 Rec8 27. Nc4 Qc7 28. Qa4 a6 29. Qa3 b5 30. Nd6 b4 31. Qa4 Qxd6 32. Rc1 Ne7 33. Rxc8+ Rxc8 34. Rf2 Qc6 35. Qxb4 Qc5 36. Qb7 d3 37. Rb2 Qc2+ 38. Kg1 Qc5+ 39. Kg2 Qd4 40. Qxe7 Qxb2+ 0-1